Μαθήματα συναρτησιακής ανάλυσης
Αποθηκεύτηκε σε:
| Κύριος συγγραφέας: | |
|---|---|
| Μορφή: | Βιβλίο |
| Γλώσσα: | Greek |
| Έκδοση: | 2η έκδ. |
| Θέματα: | |
| Ετικέτες: |
Προσθήκη ετικέτας
Δεν υπάρχουν, Καταχωρήστε ετικέτα πρώτοι!
|
MARC
| LEADER | 00000nam a2200000 i 4500 | ||
|---|---|---|---|
| 001 | 1/33565 | ||
| 008 | 941103s1986 gre d | ||
| 035 | |a 1994 |c ΔΩΡΕΑ |l 10039403 | ||
| 035 | |a 1997 |c ΔΩΡΕΑ | ||
| 040 | |a GR-MY-UA |b gre |e aacr | ||
| 041 | 1 | |a gre | |
| 082 | 0 | |a 515.7 | |
| 100 | 1 | |a Τσίτσας, Λεωνίδας Ν. | |
| 245 | 1 | 0 | |a Μαθήματα συναρτησιακής ανάλυσης / |c Λεωνίδα Ν. Τσίτσα |
| 250 | |a 2η έκδ. | ||
| 300 | |a 206 σ.; |c 24 εκ. | ||
| 650 | 0 | 0 | |a Banach spaces. |
| 650 | 0 | 0 | |a Hilbert space. |
| 852 | |a INST |b SAMOS |e 19941103 |h 515.7 ΤΣΙ |p 005300000069 |q 005300046390 |t BK |y 0 | ||
| 852 | |a INST |b SAMOS |e 19941103 |h 515.7 ΤΣΙ |p 005300000070 |q 005300000070 |t BK |y 0 | ||
| 852 | |a INST |b SAMOS |e 19941103 |h 515.7 ΤΣΙ |p 005300000071 |q 005300000071 |t BK |y 0 | ||
| 852 | |a INST |b SAMOS |e 19941103 |h 515.7 ΤΣΙ |p 005300000072 |q 005300000072 |t BK |y 0 | ||
| 852 | |a INST |b SAMOS |e 19941103 |h 515.7 ΤΣΙ |p 005300000073 |q 005300000073 |t BK |y 0 | ||
| 852 | |a INST |b SAMOS |e 19941103 |h 515.7 ΤΣΙ |p 005300000074 |q 005300000074 |t BK |y 0 | ||
| 852 | |a INST |b SAMOS |e 19941103 |h 515.7 ΤΣΙ |p 005300001310 |q 005300001310 |t BK |y 0 | ||
| 852 | |a INST |b SAMOS |e 19941103 |h 515.7 ΤΣΙ |p 005300001311 |q 005300001311 |t BK |y 0 | ||
| 852 | |a INST |b SAMOS |e 19970620 |h 515.7 ΤΣΙ |p 005300009011 |q 005300009011 |t BK |y 0 | ||
| 852 | |a INST |b SAMOS |e 19970620 |h 515.7 ΤΣΙ |p 005300009012 |q 005300009012 |t BK |y 0 | ||
| 852 | |a INST |b SAMOS |e 19970620 |h 515.7 ΤΣΙ |p 005300009013 |q 005300009013 |t BK |y 0 | ||
| 852 | |a INST |b SAMOS |e 19970620 |h 515.7 ΤΣΙ |p 005300009014 |q 005300009014 |t BK |y 0 | ||
| 852 | |a INST |b SAMOS |e 19970620 |h 515.7 ΤΣΙ |p 005300009015 |q 005300009015 |t BK |y 0 | ||
| 852 | |a INST |b SAMOS |e 19970620 |h 515.7 ΤΣΙ |p 005300009016 |q 005300009016 |t BK |y 0 | ||
| 852 | |a INST |b SAMOS |e 19970620 |h 515.7 ΤΣΙ |p 005300009017 |q 005300009017 |t BK |y 0 | ||
| 909 | |a Σ |b 012402 | ||
| 909 | |a Σ |b 012401 | ||
| 909 | |a Σ |b 034149 | ||
| 909 | |a Σ |b 034150 | ||
| 909 | |a Σ |b 034151 | ||
| 909 | |a Σ |b 034152 | ||
| 909 | |a Σ |b 034153 | ||
| 909 | |a Σ |b 034154 | ||
| 909 | |a Σ |b 049806 | ||
| 909 | |a Σ |b 049807 | ||
| 909 | |a Σ |b 049808 | ||
| 909 | |a Σ |b 049809 | ||
| 909 | |a Σ |b 049810 | ||
| 909 | |a Σ |b 049811 | ||
| 909 | |a Σ |b 049812 | ||